000
00348 a2200157 4500
001
185237
020
_a
85-905348-1-2
040
_c
Magnum
100
_a
Mansoldo, Ana
240
1
0
_a
Educação ambiental urbana
_l
por
245
1
0
_a
Educação ambiental urbana
300
_a
80
362
0
_a
2005
697
_a
EDUCAÇÃO AMBIENTAL
942
_c
BK
999
_c
185237
_d
185237